Design direction : a road map to great graphic solutions

Bibliographic Details
Main Author: Klinger, Linda
Other Authors: Kurie, Wayne
Format: Book
Published: Washington : SDP Press , 1995
Subjects:

MARC

LEADER 00000cam a2200000 7i4500
001 0000000811
005 20050420.0
020 |a 0964403803 
040 |a INS 
090 0 0 |a NX414.   |b K657 1995 
100 1 |a Klinger, Linda 
245 1 0 |a Design direction :   |b a road map to great graphic solutions   |c by Linda Klinger 
260 |a Washington :   |b SDP Press ,   |c 1995 
300 |a 117p. 
650 0 0 |a Graphics arts 
700 1 |a Kurie, Wayne 
999 |a 0000006600   |b BOOK   |c Open Shelf   |e Default branch